000 01490naa a22003257a 4500
001 BR8003250
003 BR-BrBNA
005 20240918174615.0
007 ta
008 230509b bl.||||| |||| 00| 0 por d
040 _aBR-BrBNA
_bpor
_cBiblioteca Nacional de Agricultura
041 _a(Pt)
072 _aL72; L70
_b5240
_b5212
_b5250
_b4060
_b3887
_bG514
090 _aL72 BR8003250
100 1 _aGrisi, L.
111 1 _a2. Seminario Brasileiro de Parasitologia Veterinaria
_cFortaleza, CE (Brazil)
_d20 Oct 1980
245 1 _aQuimioterapia das helmintoses causadas por trematodas e cestodas em ruminantes [Ovino; Ovis aries; Bovino; Bos taurus; Caprino; Capra hircus; Fasciolose; Controle quimico; Antihelmintico; Brasil]
260 3 _aBrasilia, DF (Brasil):
_c1980.
500 _aMelo, H.J.H. de; Bianchin, I.; Ribeiro, H.S.; Beck, A.A.H. (eds.) Anais do 2. Seminario Brasileiro de Parasitologia Veterinaria Brasilia, DF (Brasil): 1980. p. 223-234 (BR8003250-AM)L72
650 _aPraga de planta
650 _aOvino
650 _aBovino
650 _aCaprino
650 _aFasciolose
650 _aAnti-helmintico
650 _aControle quimico
773 0 _tAnais do 2. Seminario Brasileiro de Parasitologia Veterinaria
_aMelo, H.J.H. de; Bianchin, I.; Ribeiro, H.S.; Beck, A.A.H. (eds.). Empresa Brasileira de Pesquisa Agropecuaria, Brasilia, DF
_wL72 BR8003250
_gBrasilia, DF (Brasil), 1980. p. 223-234
909 _a202404
_bLucia
_c55
_dLucia Elande
942 _cAM
_2AGRIS
999 _c312307
_d312307